000 01744nam a2200277 a 4500
008 150204s2013 ||||||||||||||||| || u
020 _a9780702047299
050 _aRC 76 Mac
100 _aRobertson, Colin
245 1 0 _aMacleod's clinical examination. (13th ed.)
_cEdited by Graham Douglas, Fiona Nicol [and] Colin Robertson
250 _a13th ed.
260 _aEdinburgh
_bChurchill Livingstone/Elsevier
_c2013
300 _axvii, 451p.: ill.
350 _a68.95
650 _aMEDICAL HISTORY TAKING
650 0 _aPHYSICAL DIAGNOSIS
650 _aPHYSICAL EXAMINATION
700 _aNicol, Fiona
700 _aDouglas, Graham
995 _aMEDICAL LIBRARY OPEN ACCESS
_e903164
_FCBU-SCHOOL OF MEDICINE LIBRARY (Ndola)
_I68.95
_jRC 76 Mac
_M6
_UAVAILABLE
_WSep 17, 2015
_y903164
_ZMedical Library Open Access Collection
995 _aMEDICAL LIBRARY OPEN ACCESS
_e902589
_FCBU-SCHOOL OF MEDICINE LIBRARY (Ndola)
_I68.95
_jRC 76 Mac
_M5
_UAVAILABLE
_WFeb 13, 2015
_y902589
_ZMedical Library Open Access Collection
995 _aMEDICAL LIBRARY OPEN ACCESS
_e902586
_FCBU-SCHOOL OF MEDICINE LIBRARY (Ndola)
_I68.95
_jRC 76 Mac
_M2
_UAVAILABLE
_WFeb 13, 2015
_y902586
_ZMedical Library Open Access Collection
995 _aMEDICAL LIBRARY OPEN ACCESS
_e902587
_FCBU-SCHOOL OF MEDICINE LIBRARY (Ndola)
_I68.95
_jRC 76 Mac
_M3
_UOUT
_WFeb 13, 2015
_y902587
_ZMedical Library Open Access Collection
995 _aMEDICAL LIBRARY OPEN ACCESS
_e902585
_FCBU-SCHOOL OF MEDICINE LIBRARY (Ndola)
_I68.95
_jRC 76 Mac
_M1
_UOUT
_WFeb 13, 2015
_y902585
_ZMedical Library Open Access Collection
995 _aMICHAEL CHILUFYA SATA OPEN ACCESS
_e902588
_FCBU-SCHOOL OF MEDICINE LIBRARY (Ndola)
_I68.95
_jRC 76 Mac
_M4
_UAVAILABLE
_WFeb 13, 2015
_y902588
_ZMedical Library Open Access Collection
999 _c77387
_d77387